书目信息 |
| 书名: | 中国书法 | |
| 作者: | 马克,李俊主编 ,诸庆安译. | |
| 分册号: | ||
| 分册名: | 出版地: | 北京 : |
|
| 出版社: | 五洲传播出版社 | |
| 出版时间: | 2004. | |
| 页数: | 500 p. ; | |
| 开本: | 23cm. | |
| 丛书名: | cultural china series | |
| 中图分类号: | ||
| 科图分类号: | ||
| 其他分类号: | F72 | |
| 主题词: | ||
| 电子资源: | ||
| 000 | 00439nam 2200169 a 4500 | |
| 001 | E0756014141 | |
| 005 | 20070819160229.82 | |
| 008 | 070819s2004 00010 eng | |
| 020 | @a7-5085-0454-2 :@cCNY188.00. | |
| 040 | @aPFT@bger | |
| 041 | @ager | |
| 090 | @aF72 | |
| 099 | @dF72@ex101 | |
| 245 | 1 | @a中国书法 / @c马克,李俊主编 ,诸庆安译. |
| 260 | @a北京 :@b五洲传播出版社,@c2004. | |
| 300 | @a500 p. ;@c23cm. | |
| 440 | @acultural china series | |
| 中国书法 / / 马克,李俊主编 ,诸庆安译.-北京 : : 五洲传播出版社, , 2004. |
| 500 p. ; ; 23cm.- (cultural china series) |
| ISBN 7-5085-0454-2 :CNY188.00. |
| ● |
| 相关链接 |
|
|
|
|
正题名:中国书法
索取号:F72/x101
 
预约/预借
| 序号 | 登录号 | 条形码 | 馆藏地/架位号 | 状态 | 备注 |
| 1 | 17170 | 300171702 | 第二样本阅览室/ [索取号:F72/x101] | 在馆 | |
| 2 | 17171 | 300171711 | 第四借阅区/ [索取号:F72/x101] | 在馆 | |
| 3 | 17172 | 300171720 | 第四借阅区/ [索取号:F72/x101] | 在馆 |